[Event "Challenge"]
[Site "http://www.queenalice.com/game.php?id=683007"]
[Date "2009.11.14"]
[Round "-"]
[White "thedead"]
[Black "quietman"]
[Result "0-1"]
[WhiteElo "1550"]
[BlackElo "1621"]

1. e4 e5 2. Nf3 Nc6 3. d3 d5 4. Nbd2 d4 5. c3 Bg4 6. Be2 dxc3 7. bxc3 Bc5 8. O-O
Qf6 9. h3 Bxf3 10. Bxf3 Nge7 11. Qb3 b6 12. Nc4 O-O 13. a4 Ng6 14. Qb5 Nce7 15.
Re1 Nh4 16. Bg5 Nxf3+ 0-1

[Event "Challenge"]
[Site "http://www.queenalice.com/game.php?id=694789"]
[Date "2009.12.8"]
[Round "-"]
[White "quietman"]
[Black "extermination"]
[Result "0-1"]
[WhiteElo "1634"]
[BlackElo "1792"]

1. e4 e5 2. Nf3 Nc6 3. Bc4 Nf6 4. Ng5 d5 5. Bb5 a6 6. Bxc6+ bxc6 7. d4 dxe4 8.
dxe5 Qxd1+ 9. Kxd1 h6 10. Re1 Bf5 11. Nxf7 Kxf7 12. exf6 Kxf6 13. f3 exf3 14.
gxf3 Bd6 15. Nc3 Rad8 16. Bd2 Bf4 17. Re2 Rd7 18. Ke1 Bxd2+ 19. Rxd2 Re8+ 20.
Kd1 Rde7 21. Ne4+ Bxe4 22. fxe4 Rxe4 23. Rf2+ Kg5 24. Kd2 c5 25. Rg1+ Kh4 26. c3
Rg4 27. Rfg2 Rxg2+ 28. Rxg2 g5 29. Rf2 Re6 30. c4 Kh3 31. b3 g4 32. a3 h5 33.
Rf5 h4 34. Rxc5 Kxh2 35. Rxc7 g3 36. Rf7 g2 37. Rf2 Kh1 0-1

[Event "Challenge"]
[Site "http://www.queenalice.com/game.php?id=752636"]
[Date "2010.3.28"]
[Round "-"]
[White "epc"]
[Black "quietman"]
[Result "0-1"]
[WhiteElo "1614"]
[BlackElo "1624"]

1. d4 d5 2. Bg5 f6 3. Bh4 g5 4. Bg3 h5 5. h4 Bh6 6. e3 g4 7. f4 f5 8. Nc3 Nf6 9.
Bb5+ c6 10. Bd3 Ne4 11. Nxe4 dxe4 12. Bc4 b5 13. Bb3 a5 14. d5 a4 15. dxc6 Qxd1+
16. Rxd1 axb3 17. c7 Nd7 18. cxb3 O-O 19. Ne2 Ra7 20. Rc1 Bg7 21. Nc3 Rxc7 22.
Ne2 Rxc1+ 23. Nxc1 Bxb2 24. O-O b4 25. Ne2 Ba6 26. Rb1 Bf6 27. Be1 Bxe2 0-1

[Event "AUTO-INT-1980"]
[Site "http://www.queenalice.com/game.php?id=912526"]
[Date "2011.3.14"]
[Round "1"]
[White "quietman"]
[Black "Ralfostarr"]
[Result "1-0"]
[WhiteElo "1640"]
[BlackElo "1477"]

1. e4 e5 2. Nf3 Qf6 3. Bc4 Bc5 4. O-O d6 5. c3 Bg4 6. d4 Bxf3 7. Qxf3 a6 8. dxc5
dxc5 9. Be3 Nd7 10. Nd2 b5 11. Be2 c4 12. Qxf6 Ndxf6 13. Bg5 a5 14. b3 a4 15.
bxc4 bxc4 16. Bxc4 Rd8 17. Bb5+ Ke7 18. Nf3 h6 19. Bh4 g5 20. Bg3 Nxe4 21. Bxe5
f6 22. Bxc7 Rc8 23. Ba5 Nxc3 24. Bb4+ Ke6 25. Rfe1+ Kd5 26. Bxc3 Rxc3 27. Rad1+
Kc5 28. Bxa4 Ra3 29. Rc1+ Kb4 30. Re4+ Ka5 31. Rc5+ Kb6 32. Rb5+ Ka6 33. Re6+
Ka7 34. Rd5 Ne7 35. Rxe7+ Kb6 36. Re6+ Kc7 37. Ra5 Rb8 38. Ra7+ Rb7 39. Re7+ Kc8
40. Raxb7 Rxa2 41. g4 Rxa4 42. Rh7 Ra8 43. Rbf7 Kb8 44. Rh8# 1-0

[Event "AUTO-INT-1980"]
[Site "http://www.queenalice.com/game.php?id=912527"]
[Date "2011.3.14"]
[Round "1"]
[White "Ralfostarr"]
[Black "quietman"]
[Result "0-1"]
[WhiteElo "1478"]
[BlackElo "1649"]

1. e4 e5 2. Bc4 Nf6 3. d3 d5 4. Bb3 Bc5 5. Bg5 O-O 6. Bxf6 gxf6 7. Bxd5 c6 8.
Bb3 f5 9. exf5 Bxf5 10. g4 Qh4 11. Qf3 Bxg4 12. Qg3 Qg5 13. Nf3 Qh5 14. h3 Kh8
15. Qxe5+ f6 16. Qxh5 Bxh5 17. Nbd2 Re8+ 18. Kd1 Bxf2 19. Rf1 Bg3 20. Ne4 f5 21.
Nf6 Bxf3+ 22. Rxf3 Re1+ 23. Kd2 Rxa1 24. Rxg3 Na6 25. h4 Nc5 26. Bc4 b5 27. Bf7
Rf1 28. h5 f4 29. Rg4 f3 30. h6 Rf2+ 31. Ke3 Rg2 32. Kxf3 Rxg4 33. Kxg4 Rf8 34.
Kg5 Rxf7 35. d4 Ne6+ 36. Kf5 Nxd4+ 37. Ke5 Nxc2 38. Ke6 Rb7 39. Kd6 Rb6 40. Kc5
b4 41. b3 Nd4 42. Kxd4 c5+ 43. Kc4 Rxf6 44. Kxc5 Rxh6 45. Kxb4 Rg6 46. a4 h5 47.
Kc5 h4 48. b4 h3 49. b5 h2 50. a5 h1=Q 51. b6 axb6+ 52. axb6 Qh5+ 0-1

[Event "AUTO-INT-1980"]
[Site "http://www.queenalice.com/game.php?id=912528"]
[Date "2011.3.14"]
[Round "1"]
[White "quietman"]
[Black "robinud"]
[Result "0-1"]
[WhiteElo "1613"]
[BlackElo "1770"]

1. e4 e5 2. Nf3 Nc6 3. g3 Nf6 4. d3 Bc5 5. Bg2 O-O 6. Bg5 h6 7. Bd2 d5 8. O-O
dxe4 9. dxe4 Nxe4 10. Nc3 Nxc3 11. Bxc3 Qxd1 12. Raxd1 e4 13. Ne5 Nxe5 14. Bxe5
c6 15. Kh1 e3 16. fxe3 Bg4 17. Rde1 Rad8 18. h3 Bh5 19. g4 Bg6 20. c4 Bd3 21.
Rf4 Bb4 22. Bc3 Bxc3 23. bxc3 c5 24. Bxb7 a5 25. h4 Rb8 26. Bd5 Rb2 27. g5 hxg5
28. hxg5 Rxa2 29. g6 Bxg6 30. e4 Rc2 31. Re3 a4 32. Rf1 a3 33. Ra1 a2 34. Rf3
Rb8 35. Rff1 Rbb2 36. e5 Rxc3 37. e6 fxe6 38. Bxe6+ Kh7 39. Rf4 Rb1+ 0-1

[Event "AUTO-INT-1980"]
[Site "http://www.queenalice.com/game.php?id=912529"]
[Date "2011.3.14"]
[Round "1"]
[White "robinud"]
[Black "quietman"]
[Result "1-0"]
[WhiteElo "1734"]
[BlackElo "1603"]

1. e4 e5 2. Nf3 Nc6 3. Bb5 a6 4. Bxc6 dxc6 5. d3 Bd6 6. O-O Nf6 7. Bg5 h6 8. Bh4
g5 9. Bg3 Ng4 10. h3 Nf6 11. a3 g4 12. hxg4 Bxg4 13. Nbd2 h5 14. Qb1 Bxf3 15.
Nxf3 Ng4 16. Bh4 Be7 17. Bxe7 Qxe7 18. b4 h4 19. Qb2 h3 20. g3 h2+ 21. Kg2 O-O-O
22. Rh1 Qf6 23. Raf1 Rdg8 24. Nxh2 Nxh2 25. Rxh2 Rxh2+ 26. Kxh2 Rh8+ 27. Kg2 Qh6
28. Qxe5 Qh2+ 29. Kf3 Qh5+ 30. Qxh5 Rxh5 31. c4 b6 32. Kg4 Rh6 33. e5 Re6 34. f4
f6 35. exf6 Rxf6 36. Kg5 Rd6 37. Rd1 Kd7 38. f5 Ke7 39. c5 bxc5 40. bxc5 Rd5 41.
d4 Kf7 42. g4 Rd8 43. a4 Rg8+ 44. Kf4 Kf6 45. Re1 Rh8 46. Re6+ Kf7 47. Rxc6 1-0

[Event "AUTO-INT-1980"]
[Site "http://www.queenalice.com/game.php?id=912530"]
[Date "2011.3.14"]
[Round "1"]
[White "quietman"]
[Black "orwieorwatt"]
[Result "0-1"]
[WhiteElo "1592"]
[BlackElo "1483"]

1. e4 e5 2. Nf3 Nc6 3. Bc4 Nf6 4. d3 Bb4+ 5. c3 Bc5 6. O-O O-O 7. Nbd2 a6 8. b4
Bb6 9. a4 a5 10. b5 Nb8 11. Ba3 d6 12. d4 Nbd7 13. d5 Nc5 14. Nb3 Ncxe4 15. Qd3
Nxf2 16. Rxf2 Bxf2+ 17. Kxf2 Ng4+ 18. Kf1 Qf6 19. Kg1 Qh6 20. h3 Ne3 21. Re1 Nf5
22. Nbd2 b6 23. Kh2 Nh4 24. Nxh4 Qxh4 25. Nf3 Qf4+ 26. g3 Qh6 27. h4 Qf6 28. Rf1
Bg4 29. Ng5 Qh6 30. Bc1 Qh5 31. Bb3 g6 32. Bc2 Bf5 33. Qd2 Bd7 34. Bd1 Bg4 35.
c4 f6 36. Ne6 Rf7 37. Bxg4 Qxg4 38. Kg2 Qxc4 39. Kg1 Qxa4 40. Qh6 Rc8 41. Rxf6
Qd1+ 42. Kh2 Qe2+ 43. Kh3 Qh5 44. Rxf7 Qxh6 45. Bxh6 Kxf7 46. Kg4 a4 47. Bc1 Kf6
48. Ba3 c5 49. bxc6 h5+ 50. Kf3 Ke7 51. g4 Kf6 52. gxh5 gxh5 53. Bxd6 Kf5 54.
Ng7+ Kg6 55. Bxe5 a3 56. c7 Kf7 57. d6 a2 58. Nf5 Ke8 59. d7+ Kxd7 60. Ng7 Rxc7
61. Nxh5 Rc1 62. Nf6+ Ke6 63. Ke4 Rc4+ 64. Kd3 Rxh4 0-1

[Event "AUTO-INT-1980"]
[Site "http://www.queenalice.com/game.php?id=912531"]
[Date "2011.3.14"]
[Round "1"]
[White "orwieorwatt"]
[Black "quietman"]
[Result "1-0"]
[WhiteElo "1557"]
[BlackElo "1658"]

1. e4 e5 2. Nf3 Nc6 3. Bc4 d6 4. d3 Bg4 5. Nbd2 g6 6. O-O Bg7 7. Qe1 Nf6 8. Ng5
O-O 9. Nb3 Nd4 10. Nxd4 exd4 11. Nxf7 Qe7 12. Nh6+ Kh8 13. Bg5 Qe5 14. f4 Qc5
15. h3 Bd7 16. e5 dxe5 17. fxe5 Nh5 18. Rxf8+ Rxf8 19. Qh4 b5 20. Be7 Rf7 21.
Nxf7+ Kg8 22. Bxc5 1-0

[Event "Challenge"]
[Site "http://www.queenalice.com/game.php?id=918282"]
[Date "2011.3.27"]
[Round "-"]
[White "alexferreira"]
[Black "quietman"]
[Result "1-0"]
[WhiteElo "1768"]
[BlackElo "1623"]

1. d4 d5 2. g3 Nf6 3. Bg2 g6 4. Nf3 Bg7 5. Bf4 O-O 6. c3 Bg4 7. Nbd2 Nbd7 8. Qc2
a5 9. O-O b5 10. e4 dxe4 11. Nxe4 Nxe4 12. Qxe4 Nf6 13. Qe3 Qd5 14. Ne5 Qe6 15.
Bxa8 Rxa8 16. Bg5 Bh3 17. Rfe1 Qd5 18. Qf3 Qxf3 19. Nxf3 h6 20. Bxf6 Bxf6 21.
Ne5 h5 22. Nd3 c6 23. Nf4 Bg4 24. Nd3 Rd8 25. Nf4 Kg7 26. Ng2 1-0

[Event "Challenge"]
[Site "http://www.queenalice.com/game.php?id=918294"]
[Date "2011.3.27"]
[Round "-"]
[White "quietman"]
[Black "alexferreira"]
[Result "0-1"]
[WhiteElo "1634"]
[BlackElo "1757"]

1. e4 d5 2. exd5 Qxd5 3. Nc3 Qe6+ 4. Qe2 Qxe2+ 5. Ngxe2 c6 6. b3 g6 7. Bb2 Bg7
8. O-O-O Nf6 9. h3 Bf5 10. g4 Be6 11. g5 Nd5 12. h4 Nd7 13. a4 O-O-O 14. Bh3
Bxh3 15. Rxh3 Rhg8 16. Rf3 Ne5 17. Nxd5 Nxf3 18. Nxe7+ Kb8 19. Nxg8 Rxg8 20.
Bxg7 Rxg7 21. Rh1 Rg8 22. d3 Re8 23. Kd1 Kc7 24. Rh3 Ne5 0-1

[Event "Challenge"]
[Site "http://www.queenalice.com/game.php?id=940981"]
[Date "2011.5.21"]
[Round "-"]
[White "Narutos"]
[Black "quietman"]
[Result "1-0"]
[WhiteElo "1647"]
[BlackElo "1570"]

1. e4 e5 2. Nf3 Nc6 3. Bc4 Bc5 4. O-O d6 5. Nc3 Nge7 6. d3 O-O 7. h3 a6 8. a3 b5
9. Ba2 Be6 10. Nd5 Nd4 11. Nxd4 Bxd4 12. c3 1-0

[Event "Challenge"]
[Site "http://www.queenalice.com/game.php?id=940984"]
[Date "2011.5.21"]
[Round "-"]
[White "Narutos"]
[Black "quietman"]
[Result "1-0"]
[WhiteElo "1660"]
[BlackElo "1557"]

1. e4 e5 2. Nf3 Nc6 3. Bc4 Bc5 4. O-O Nge7 5. Nc3 O-O 6. d3 Nd4 7. Nxe5 a6 8.
Nf3 b5 9. Bb3 c6 10. Nxd4 Bxd4 11. Be3 Bxe3 12. fxe3 1-0

[Event "AUTO-INT-2189"]
[Site "http://www.queenalice.com/game.php?id=1004895"]
[Date "2011.11.4"]
[Round "1"]
[White "JEFER"]
[Black "quietman"]
[Result "1-0"]
[WhiteElo "1731"]
[BlackElo "1545"]

1. e4 e5 2. d4 f5 3. exf5 Qf6 4. Be3 exd4 5. Bxd4 Qxf5 6. Nc3 c5 7. g4 Qe6+ 8.
Be3 Nf6 9. Bh3 d6 10. g5 Qe5 11. Bxc8 Qxh2 12. Qf3 1-0

[Event "AUTO-INT-2189"]
[Site "http://www.queenalice.com/game.php?id=1004896"]
[Date "2011.11.4"]
[Round "1"]
[White "quietman"]
[Black "JEFER"]
[Result "0-1"]
[WhiteElo "1524"]
[BlackElo "1638"]

1. e4 c5 2. c4 Nc6 3. Nf3 e5 4. Bd3 Nb4 5. Qb3 Qe7 6. O-O d6 7. a3 Na6 8. Bc2
Qf6 9. d3 Ne7 10. Bg5 Qg6 11. Bxe7 Bxe7 12. Qa4+ Bd7 13. Qb3 O-O 14. Nbd2 Bh3
15. g3 Bg5 16. Rfe1 Bxd2 17. Nxd2 Nc7 0-1

[Event "AUTO-INT-2189"]
[Site "http://www.queenalice.com/game.php?id=1004913"]
[Date "2011.11.4"]
[Round "1"]
[White "quietman"]
[Black "Tartcover"]
[Result "0-1"]
[WhiteElo "1545"]
[BlackElo "1670"]

1. e4 e5 2. Nf3 Nc6 3. Bc4 Bc5 4. d3 Nf6 5. Nc3 O-O 6. Bg5 d6 7. Qd2 h6 8. Bxh6
Bxf2+ 9. Kxf2 Ng4+ 10. Ke1 Nxh6 11. Ke2 Bg4 12. Nd5 Bxf3+ 13. gxf3 Nd4+ 0-1

[Event "AUTO-INT-2189"]
[Site "http://www.queenalice.com/game.php?id=1004914"]
[Date "2011.11.4"]
[Round "1"]
[White "Tartcover"]
[Black "quietman"]
[Result "1-0"]
[WhiteElo "1681"]
[BlackElo "1534"]

1. d4 d5 2. c4 Nf6 3. Nf3 dxc4 4. e3 c5 5. Bxc4 e6 6. O-O Ne4 7. Nc3 f5 8. a3 b6
9. Nxe4 fxe4 10. Ne5 Bd6 11. b4 Bxe5 12. dxe5 Qxd1 13. Rxd1 1-0